000 00484nam a2200157 i 4500
001 125308
003 ES-MaACL
007 t|
008 070601s1970 mx ||||1| spa d
245 0 0 _aLo que la vida enseña
_b: veinte autobiografías contemporáneas /
_ccompilación de Norman Cousins.
250 _a1ª ed. en español.
260 _aMéxico :
_bEdit. Pax,
_c[1970]
300 _a329 p. ;
_c21 cm.
700 1 _aCousins, Norman.
_941310
852 _aES-MaACL
_jE-9964
_bR.93662
999 _c125308
_d125308